Memorias de la Real Academia de Ciencias (Record no. 173630)
[ view plain ]
| 000 -LEADER | |
|---|---|
| campo de control de longitud fija | 02855nam a2200337 i 4500 |
| 001 - NÚMERO DE CONTROL | |
| campo de control | 173630 |
| 003 - IDENTIFICADOR DE NÚMERO DE CONTROL | |
| campo de control | ES-MaACL |
| 005 - FECHA Y HORA DE LA ÚLTIMA TRANSACCIÓN | |
| campo de control | 20250929143019.0 |
| 007 - CAMPO FIJO DE DESCRIPCIÓN FÍSICA--INFORMACIÓN GENERAL | |
| campo de control de longitud fija | t| |
| 008 - DATOS DE LONGITUD FIJA--INFORMACIÓN GENERAL | |
| campo de control de longitud fija | 091217s18561857sp bf |||| | spa d |
| 110 2# - ENTRADA PRINCIPAL--NOMBRE DE ENTIDAD CORPORATIVA | |
| Nombre de entidad corporativa o nombre de jurisdicción como elemento de entrada | Real Academia de Ciencias Exactas, Físicas y Naturales de España. |
| 9 (RLIN) | 175635 |
| 245 10 - MENCIÓN DEL TÍTULO | |
| Título | Memorias de la Real Academia de Ciencias |
| Fechas predominantes | 1856-1858. |
| 260 ## - PUBLICACIÓN, DISTRIBUCIÓN, ETC. | |
| Lugar de publicación, distribución, etc. | Madrid : |
| Nombre del editor, distribuidor, etc. | [s.n.], |
| Fecha de publicación, distribución, etc. | 1856 ( |
| Fabricante | Aguado Imp.) |
| 300 ## - DESCRIPCIÓN FÍSICA | |
| Extensión | v. ; |
| Dimensiones | 28 cm. |
| 505 8# - NOTA DE CONTENIDO CON FORMATO | |
| Nota de contenido con formato | Contiene: T. IV ; |
| Título | Memoria geonóstico agrícola sobre la provincia de Pontevedra / |
| Mención de responsabilidad | Antonio de Valenzuela y Ozores (114 p., 1 plano pleg.). -- |
| Título | La estructura geológica del terreno de España / |
| Mención de responsabilidad | Joaquín Ezquerra del Bayo (p. 115-155, 1 mapa pleg.). -- |
| Título | El mecanismo de la generación en los animales / |
| Mención de responsabilidad | Nicolás Casas Mendoza (p. 157-210). -- |
| Título | Suelo, clima, cultivo agrario y foresta de la provincia de Vizcaya / |
| Mención de responsabilidad | Lucas de Olazabal (p. 213-327, 2 map. pleg.). -- |
| Título | Necesidad de una descripción completa de la cordillera de Sierra Morena / |
| Mención de responsabilidad | Felipe Naranjo de Garza (p. 329-338). Contestación / |
| -- | Antonio Remón Zarco del Valle (p. 331- 350). -- |
| Título | Descripción general de la estructura geológica del terreno de España / |
| Mención de responsabilidad | Joaquín Ezquerra del Bayo (p. 351-399). -- |
| Título | Catálogo de las aves de la Albufera / |
| Mención de responsabilidad | Ignacio Vidal (p. 401-429). -- |
| Título | Importancia del estudio de las matemáticas y su enlace íntimo con el de las ciencias físicas y naturales / |
| Mención de responsabilidad | Manuel Fernández de los Senderos (p. 431-444). Contestación / |
| -- | Antonio Remón Zarco del Valle y Huet (p. 445-457). -- |
| Título | Ramilletes de plantas españolas / |
| Mención de responsabilidad | Mariano de la Paz Graells (p. 459-493, 8 lám. col.). -- |
| Título | Suplemento a la flora de Filipinas / |
| Mención de responsabilidad | Antonio Llanos (p. 495-509, 1 lám. pleg.). -- |
| Título | Catálogo metódico de las aves observadas en la provincia de Murcia / |
| Mención de responsabilidad | Ángel Guirao (p. 511-560, 2 lám. col.). -- |
| Título | Erpetologia hispalensis seu catalogus metodicus reptilium et amphibiorum / |
| Mención de responsabilidad | Antonio A. Machado (p. 561-573). -- |
| Título | Memoria geognóstico agrícola sobre la provincia de Castellón / |
| Mención de responsabilidad | Juan Vilanova y Piera (p. 575-800, 6 lám.) |
| 700 1# - ENTRADA AGREGADA--NOMBRE PERSONAL | |
| Nombre de persona | Remón Zarco del Valle, Antonio, |
| Fechas asociadas al nombre | 1789-1866 |
| 9 (RLIN) | 131690 |
| 700 1# - ENTRADA AGREGADA--NOMBRE PERSONAL | |
| Nombre de persona | Valenzuela y Ozores, Antonio de. |
| 9 (RLIN) | 141836 |
| 700 1# - ENTRADA AGREGADA--NOMBRE PERSONAL | |
| Nombre de persona | Ezquerra del Bayo, Joaquín, |
| Fechas asociadas al nombre | 1793-1859 |
| 9 (RLIN) | 48476 |
| 700 1# - ENTRADA AGREGADA--NOMBRE PERSONAL | |
| Nombre de persona | Casas de Mendoza, Nicolás. |
| 9 (RLIN) | 126372 |
| 700 1# - ENTRADA AGREGADA--NOMBRE PERSONAL | |
| Nombre de persona | Olazábal, Lucas de, |
| Fechas asociadas al nombre | 1829-1899 |
| 9 (RLIN) | 130605 |
| 700 1# - ENTRADA AGREGADA--NOMBRE PERSONAL | |
| Nombre de persona | Naranjo y Garza, Felipe, |
| Fechas asociadas al nombre | 1809-1877 |
| 9 (RLIN) | 141837 |
| 700 1# - ENTRADA AGREGADA--NOMBRE PERSONAL | |
| Nombre de persona | Fernández de los Senderos, Manuel. |
| 9 (RLIN) | 49685 |
| 700 1# - ENTRADA AGREGADA--NOMBRE PERSONAL | |
| Nombre de persona | Vidal, Ignacio. |
| 9 (RLIN) | 114432 |
| 700 1# - ENTRADA AGREGADA--NOMBRE PERSONAL | |
| Nombre de persona | Graells, Mariano de la Paz, |
| Fechas asociadas al nombre | 1809-1898 |
| 9 (RLIN) | 127520 |
| 700 1# - ENTRADA AGREGADA--NOMBRE PERSONAL | |
| Nombre de persona | Llanos, Antonio. |
| 9 (RLIN) | 72707 |
| 700 1# - ENTRADA AGREGADA--NOMBRE PERSONAL | |
| Nombre de persona | Guirao, Ángel. |
| 9 (RLIN) | 141838 |
| 700 1# - ENTRADA AGREGADA--NOMBRE PERSONAL | |
| Nombre de persona | Machado, Antonio A. |
| 9 (RLIN) | 141839 |
| 700 1# - ENTRADA AGREGADA--NOMBRE PERSONAL | |
| Nombre de persona | Vilanova y Piera, Juan, |
| Fechas asociadas al nombre | 1821-1893 |
| 9 (RLIN) | 114785 |
| 852 ## - LOCALIZACIÓN | |
| Ubicación | ES-MaACL |
| Número de control de estantería | K-219 |
| Estatus retirado | Estado de pérdida | Estado de daño | No para préstamo | Colección | Biblioteca de origen | Biblioteca actual | Ubicación en estantería | Fecha de adquisición | Total de préstamos | Signatura topográfica completa | Código de barras | Visto por última vez | Precio de reemplazo | Tipo de ítem Koha |
|---|---|---|---|---|---|---|---|---|---|---|---|---|---|---|
| Libros del s. XIX | Biblioteca del Ateneo de Madrid | Biblioteca del Ateneo de Madrid | Administración | 17/12/2009 | K-219 | 1182210 | 23/02/2023 | 23/02/2023 | Libro impreso antiguo |
